<?xml version="1.0" encoding="UTF-8"?>
<record
    xmlns:xsi="http://www.w3.org/2001/XMLSchema-instance"
    xsi:schemaLocation="http://www.loc.gov/MARC21/slim http://www.loc.gov/standards/marcxml/schema/MARC21slim.xsd"
    xmlns="http://www.loc.gov/MARC21/slim">

  <leader>01616nam a22001697a 4500</leader>
  <controlfield tag="008">160707b        xxu||||| |||| 00| 0 eng d</controlfield>
  <datafield tag="020" ind1=" " ind2=" ">
    <subfield code="a">044482426x</subfield>
  </datafield>
  <datafield tag="245" ind1=" " ind2=" ">
    <subfield code="a">The Diabetes annual/10. /</subfield>
    <subfield code="c">edited by S. M. Marshall, P. D. Home and R. A. Rizza.</subfield>
  </datafield>
  <datafield tag="260" ind1=" " ind2=" ">
    <subfield code="a">New York :</subfield>
    <subfield code="b">Elsievier Science,</subfield>
    <subfield code="c">1996.</subfield>
  </datafield>
  <datafield tag="300" ind1=" " ind2=" ">
    <subfield code="a">xii, 391p. :</subfield>
    <subfield code="b">ill. ;</subfield>
    <subfield code="c">25 cm.</subfield>
  </datafield>
  <datafield tag="500" ind1=" " ind2=" ">
    <subfield code="a">Includes index.</subfield>
  </datafield>
  <datafield tag="505" ind1=" " ind2=" ">
    <subfield code="a">Contents: The Intrauterine environment and susceptibility to non-insulin dependent diabetes and the insulin resistance syndrome -- Autoantibodies to glutamate decarboxylase in insulin dependent diabetes mellitus -- Mitochondrial DNA and diabetes -- Recent trends in the epidemiology of type 1 diabetes -- Prospects for genetic manipulation in diabetes -- Diabetes and puberty -- Management of diabetes in the elderly -- The Diagnosis of diabetes: current criteria and rationale -- Prophylactic insulin treatment in pre-type-1-diabetes -- The Honeymoon period or remission phase of type 1 diabetes mellitus -- Hypoglycaemia update -- Information technology in diabetes care -- Measuring quality of life in diabetes -- New drugs for diabetes -- Glucose sensors in the mid-1990s -- The Insulin assay in the 1990s -- Regulation of carbohydrate metabolism during exercise -- Constant tracer infusion technique for assessment of glucose turnover in vivo: current status. -- Glucagon-like peptide-1 -- The Role of hypothalamic peptides in the neuroendocrine abnormalities of diabetes -- The Pathophysiology of diabetic retinopathy.</subfield>
  </datafield>
  <datafield tag="700" ind1=" " ind2=" ">
    <subfield code="a">Marshall, S. M.</subfield>
  </datafield>
  <datafield tag="700" ind1=" " ind2=" ">
    <subfield code="a">Home, P. D.</subfield>
  </datafield>
  <datafield tag="700" ind1=" " ind2=" ">
    <subfield code="a">Rizza, R. A.</subfield>
  </datafield>
  <datafield tag="942" ind1=" " ind2=" ">
    <subfield code="2">lcc</subfield>
    <subfield code="c">BK</subfield>
  </datafield>
  <datafield tag="999" ind1=" " ind2=" ">
    <subfield code="c">5958</subfield>
    <subfield code="d">13458</subfield>
  </datafield>
  <datafield tag="952" ind1=" " ind2=" ">
    <subfield code="0">0</subfield>
    <subfield code="1">0</subfield>
    <subfield code="2">lcc</subfield>
    <subfield code="4">0</subfield>
    <subfield code="7">0</subfield>
    <subfield code="a">WIUC-1</subfield>
    <subfield code="b">WIUC-1</subfield>
    <subfield code="c">NURS L.</subfield>
    <subfield code="d">2016-07-07</subfield>
    <subfield code="l">0</subfield>
    <subfield code="p">NURS/001/16</subfield>
    <subfield code="r">2016-07-07 00:00:00</subfield>
    <subfield code="w">2016-07-07</subfield>
    <subfield code="y">BK</subfield>
  </datafield>
</record>
